000 00612nam a2200205Ia 4500
003 OSt
005 20220926031308.0
006 a|||||r|||| 00| 0
007 ta
008 220923b |||||||| |||| 00| 0 eng d
037 _cGeneral Book
040 _aRTL
_cRTL
_beng
041 _2eng
_aeng
082 _aX9(KZ322)n1N45.N84s, M4.59
245 0 _aYearbook of fishiry statistics 1984
260 _aRome
_bFood and agriculture organization of the United Nations
_c1986
300 _avii; 309p.
_ccm.
942 _hX9(KZ322)n1N45.N84s, M4.59
_cGB
_2CC
999 _c652003
_d652003